[Event "Bundesliga 9900"]
[Site "Germany"]
[Date "2000.04.08"]
[Round "14.3"]
[White "Kengis, Edvins"]
[Black "Stohl, Igor"]
[Result "1/2-1/2"]
[WhiteElo "2573"]
[BlackElo "2600"]
[Annotator "Kostakiev,D"]
[PlyCount "32"]
[EventDate "1999.10.09"]
[EventType "team-tourn"]
[EventRounds "15"]
[EventCountry "GER"]
[SourceTitle "CBM 076"]
[Source "ChessBase"]
[SourceDate "2000.05.31"]
[SourceVersion "1"]
[SourceVersionDate "2000.05.31"]
[SourceQuality "1"]
[WhiteTeam "Godesberg"]
[BlackTeam "Neukoelln"]
[WhiteTeamCountry "GER"]
[BlackTeamCountry "GER"]

1. b3 {This move was applied 150 years ago by a remarquable chess tallant -
Van't Kruijs. Now 1.b2-b3 is asossiated with the Nimcovich and Fisher's deeds.
Such a move suggests that during the game, Qd1cannot be put on b3 in the the
opening stage. From here follows that Bc8 could be developed saftely before
the Nb8. (e.i. no Qb3Xb7)} c5 2. Bb2 Nc6 3. e3 Nf6 4. Nf3 d6 5. d4 ({We have
to mention the Keene's opinion that the best Black's defance is probably the
King indish structure.} 5. Be2 g6 6. O-O Bg7 7. d4 cxd4 8. Nxd4 O-O 9. Nd2 Nxd4
10. Bxd4 Bd7 11. Bf3 Qc7 12. c4 Bc6 13. Rc1 Rfd8 14. Qc2 a6 15. Rfd1 Bxf3 16.
Nxf3 Rac8 17. Qb2 Qc6 $11 {1/2-1/2 Dijkstra,S-Van Kooten,H/8th AKN Weekender,
Haarlem NED 1999 (17)}) 5... Bf5 (5... g6 6. d5 Nb8 7. Bb5+ Nbd7 8. O-O Bg7 9.
Qe2 O-O 10. e4 a6 11. Bd3 Re8 12. c4 Nf8 13. Qc2 e5 {0-1 Hoppe,W-Wade,R/Siegen
1970/MCD (37)}) (5... e5 6. d5 {1-0 Feibert,F-Stock,A/Eisenberg 1993/GER (65)})
(5... e6 6. Bd3 cxd4 7. exd4 d5 8. O-O Be7 9. Qe2 O-O 10. a3 Ne8 11. Nbd2 $14 {
1-0 Stantic,S-Kodela,M/Portoroz 1996/CBM 51 ext (41)}) (5... cxd4 6. Nxd4 g6 7.
c4 Bg7 8. Nc3 O-O 9. Be2 Bd7 10. O-O a6 11. Bf3 $11 {1/2-1/2 Schuetzhold,
F-Doery,J/Wiesbaden 1990/GER (42)}) 6. d5 $6 (6. Bd3 Bxd3 7. Qxd3 $14) (6. Nc3
Qa5 7. dxc5 (7. Bd3 Bxd3 8. Qxd3 cxd4 9. Nxd4 e5 10. Nxc6 bxc6 11. O-O d5 12.
Na4 e4 13. Qd1 Be7 14. c4 O-O $11)) 6... Nb4 $15 7. Bb5+ (7. Na3 Nbxd5 8. Bb5+
Bd7 $15) 7... Nd7 8. O-O (8. Na3 Nxc2+ 9. Nxc2 Qa5+ 10. Qd2 Qxb5 11. Na3 Qa6
$15) 8... Bxc2 9. Qd2 Be4 $6 (9... Bg6 $1 10. a3 Na6 (10... Nc2 $2 11. Ra2 Qb6
12. Bc4 $18) 11. Nc3 (11. Rc1 Nc7 12. Bd3 Nf6 $15) 11... Nc7 12. Bd3 Bxd3 $15 (
12... Bh5 13. Be2 Bxf3 $15)) (9... Bf5 $6 10. a3 Na6 11. Nc3 Nc7 12. Ba4 a6 13.
e4 Bg6 $15) 10. Ng5 $6 (10. a3 Nxd5 11. Ng5 N5f6 12. Nxe4 Nxe4 13. Qd5 Nef6 14.
Bxf6 gxf6 15. Qxb7 Rc8 16. Qxa7 $14) 10... Bxd5 11. Bxd7+ Qxd7 (11... Kxd7 12.
a3 Nc6 13. Qxd5 e6 14. Qxc6+ Kxc6 15. Nxf7 Qe8 16. Nxh8 Be7 17. Bxg7 Qg8 18.
Bb2 e5 19. Nd2 Bf6 20. e4 Bxh8 21. Rfd1 $15) 12. a3 h6 $1 13. axb4 (13. Nxf7 $2
Bxf7 14. axb4 Bxb3 15. Qc3 Bd5 $17) 13... Bxg2 14. Kxg2 hxg5 15. f3 cxb4 (15...
Qh3+ 16. Kg1 g4 17. Qg2 (17. bxc5 $5 g3 18. Na3 O-O-O $1 (18... Rd8 19. Nb5
Qxh2+ 20. Qxh2 Rxh2 21. Bc3 a6 22. Nc7+ Kd7 23. cxd6 e6 24. Rfd1 Re2 25. e4 Re3
26. Rac1 $16) (18... a6 19. cxd6 exd6 20. Rac1 Rh6 21. Rfd1 gxh2+ 22. Kh1 Qxf3+
23. Qg2 Qxg2+ 24. Kxg2 d5 25. Kh1 Rd8 26. Nc2 f6 27. Nd4 Bd6 28. Rd2 $16) 19.
cxd6 Rxd6 20. Qe2 Rd5 21. e4) 17... gxf3 18. Qxh3 Rxh3 19. bxc5 g5 20. cxd6
exd6 21. Nd2 g4 22. Ne4 Be7 23. Nf2 Rh5 24. Bd4 $16) 16. Rf2 (16. Kg1 $5 Qb5
17. e4 (17. Qf2 a6 $15) 17... a5 (17... e6) 18. Rc1 (18. Qg2 Rc8 $15) 18... g4
$5 (18... f6 19. Rc4 Rd8 20. Qd5) 19. fxg4 (19. f4 Rh3) 19... Rh4 20. Kh1 Rxg4
$15) (16. Kh1 Qh3 (16... Qb5 17. Rc1 Qf5 18. Qe2 a6 19. e4 Qh3 $11) 17. Qg2
Qxg2+ (17... d5 18. Qxh3 Rxh3 19. Bd4 a6 20. Ra5) 18. Kxg2 d5 (18... e5 19. Nd2
a6 20. Ra4 Rh4 21. Rc1 Be7 22. h3 b5 23. Ra2)) 16... g4 $13 1/2-1/2

[Event "Gibraltar Masters 10th"]
[Site "Caleta"]
[Date "2012.01.24"]
[Round "1"]
[White "Dukaczewski, Piotr"]
[Black "Fier, Alexandr"]
[Result "0-1"]
[WhiteElo "2344"]
[BlackElo "2603"]
[Annotator "Let's Check"]
[PlyCount "84"]
[EventDate "2012.01.24"]
[EventType "swiss"]
[EventRounds "10"]
[EventCountry "GGB"]
[SourceTitle "CBM 147"]
[Source "ChessBase"]
[SourceDate "2012.03.16"]
[SourceVersion "1"]
[SourceVersionDate "2012.03.16"]
[SourceQuality "1"]

1. e4 c5 2. Nf3 e6 3. d3 Nc6 4. g3 g6 5. Bg2 Bg7 6. O-O Nge7 7. Re1 e5 8. c4
O-O 9. Nc3 d6 10. a3 f5 11. exf5 gxf5 12. Rb1 a5 13. Nh4 Be6 14. f4 Rb8 15. Nf3
h6 16. Bd2 Ng6 17. Qc2 Bf7 18. Nd5 b5 19. fxe5 dxe5 20. Ne3 Qd7 21. cxb5 Rxb5
22. Nc4 Bd5 23. a4 Rbb8 24. Bc3 e4 25. Bxg7 Qxg7 26. dxe4 Bxe4 27. Rxe4 Nb4 28.
Qc3 fxe4 29. Qxg7+ Kxg7 30. Nfd2 Nd3 31. Bxe4 Nge5 32. b3 Rbd8 33. Bg2 Rf2 34.
Ne4 $6 (34. Nxe5 Rxd2 35. Nc4 $17) 34... Rc2 35. Nxa5 $2 (35. Ne3 Re2 36. Nf5+
$17) 35... Rd4 $2 (35... Nc1 36. Nf2 Ne2+ $19) 36. h3 $2 (36. Nc4 Nxc4 37. bxc4
$17) 36... Rxg2+ $5 (36... Nc1 37. Nf2 Rdd2) 37. Kxg2 $19 Rxe4 38. g4 Re2+ 39.
Kg3 Re3+ 40. Kh2 Nf4 41. Nb7 Kf6 42. a5 $2 (42. Rd1 Rxh3+ 43. Kg1) 42... Nf3+
$19 0-1

[Event "Bundesliga 0405"]
[Site "Germany"]
[Date "2005.03.12"]
[Round "12.2"]
[White "Hickl, Joerg"]
[Black "Kuczynski, Robert"]
[Result "1-0"]
[WhiteElo "2530"]
[BlackElo "2475"]
[Annotator "Marin,M"]
[PlyCount "119"]
[EventDate "2004.11.12"]
[EventType "team-tourn"]
[EventRounds "15"]
[EventCountry "GER"]
[SourceTitle "CBM 106"]
[Source "ChessBase"]
[SourceDate "2005.06.06"]
[SourceVersion "1"]
[SourceVersionDate "2005.06.06"]
[SourceQuality "1"]
[WhiteTeam "Hofheim"]
[BlackTeam "Erfurt"]
[WhiteTeamCountry "GER"]
[BlackTeamCountry "GER"]

1. Nf3 f5 2. g3 Nf6 3. Bg2 g6 4. b4 $5 {Sometimes, this is played against the
King's Indian, too. The basic idea is the same: White aims for a position
typical for the English Opening (where Hickl is a great specialist) where he
gets to play b4 without the necessity of supporting the pawn with Rb1. However,
if compared with the KI, here Black has less dynamic possibilities since he
has already spent one tempo on a suplimentary pawn move (f5); therefore, White
has every chance to get the structure he aims for.} Bg7 5. Bb2 O-O 6. O-O d6 7.
c4 h6 {Kuczynsky had already some experience with this line. He seems to have
decided that postponing ...e5 and playing as if it was a normal Leningrad
Dutch is the best plan.} (7... e5 8. d3 Nc6 (8... h6 9. Nbd2 $5 {[%csl Re5]
[%cal Yc4c5,Yd2c4] More natural looks the deveopment of the knight to c3, but
Vaganian has his own views. Instead of taking the d5-square under control, he
plans to put more pressure against the e5-pawn (with c5 and Nc4)} g5 10. c5 Qe7
11. Nc4 Be6 12. Nfd2 Nc6 13. b5 Nd8 14. a4 Rb8 15. Rc1 Nf7 16. Na5 d5 17. e3
Rfe8 18. Rc2 Qd8 19. Ndb3 Qc8 20. c6 b6 21. Nb7 {1-0 Vaganian,R-Kuczynski,R/
Germany 2002/EXT 2003 (46) The position is very hard to judge. Black has an
impressive advantage of space in the centre, but he cannot easily make any
progress, since White's structure is very flexible. Maybe objectively speaking
the chances are about equal, but in principle it should be easier to play with
White who has a clear plan on the queen side.}) 9. b5 (9. c5 Qe7 10. cxd6 cxd6
11. b5 Nd8 12. Nbd2 Nf7 $11 13. e4 $6 f4 $1 $132 {0-1 Pokojowczyk,J-Kuczynski,
R/Leba 1989/EXT 2002 (81)}) 9... Ne7 10. c5 Kh8 11. Nbd2 Be6 12. a4 h6 13. Rc1
g5 14. Nc4 f4 15. Nfd2 Rb8 16. cxd6 cxd6 17. d4 fxg3 $2 (17... e4) 18. hxg3 e4
19. d5 $1 $16 {1/2-1/2 Vaganian,R-Ehlvest,J/Horgen 1995/CBM 050/[Tischbierek] 
(58)}) 8. d3 g5 $146 (8... e5 {would have transposed above}) 9. Qb3 Qe8 10. Nc3
e5 {Finally, Black plays this move anyway.} (10... f4 11. Nd5 $14) 11. Nd5 Nxd5
$6 {This exchange should be regarded as a concession. Black probably hoped
that he would easily defend the c7-weakness and try to get attacking chances
on the other wing. However, since his knight will have to stay on a6, the
attack will never have chances to break through, while White's position
certainly looks appealing from a strategic point of view. True, he has to be
careful because in certain cass the d5-pawn might get under attack.} (11... Qf7
12. b5 Nbd7 {induces some tactical nuances:} 13. Qa3 $5 (13. Nxc7 $2 Nc5) 13...
Ne8 (13... Nxd5 $2 14. Nxg5 $1 $18) 14. Nd2 $14 {[%cal Yf2f4]} f4 $2 15. Nxf4
$1 $18) ({while} 11... Rf7 {would have somehow distrubed the coordination of
the black pieces (the queen was supposed to go to h5).} 12. a4 {We can see
that there is no one sided solution available for Black.}) 12. cxd5 f4 13. Rac1
Na6 14. Nd2 Bg4 15. Rfe1 $14 Rc8 16. Ne4 (16. Be4 $5 Qf7 17. f3 $14 {[%csl Ga6]
[%cal Yg1f2,Ye1g1,Rg3f4,Gg1g7,Gb2g7]}) 16... Bd7 17. a3 g4 18. Bc3 Qf7 19. Rf1
Kh8 20. Qc4 (20. f3 $5) 20... b5 $6 (20... f3 21. exf3 gxf3 22. Bh1 {[%csl Rf3]
[%cal Yf1e1,Ye1e3]}) 21. Qa2 f3 22. exf3 gxf3 23. Bh1 Bc6 $5 (23... Nb8 24. Rc2
Bh3 25. Re1 Nd7 26. Re3 Bg2 27. Bxg2 fxg2 28. Be1 Nb6 29. Nc3 $16) 24. Bxe5 $1
Bxd5 25. Bxg7+ Kxg7 26. Qb2+ Kh7 27. Rfe1 Qg7 28. Qd2 Nb8 29. Re3 $16 Nc6 30.
Nc3 Qg5 31. d4 Kg7 32. Nxb5 a6 33. Nc3 Rf7 34. h4 Qf5 35. Rce1 Rcf8 36. Nxd5
Qxd5 37. Re4 Rf6 38. Qd3 h5 39. R1e3 Qb5 40. Qc3 Qd5 41. Qd3 Qf7 42. Re1 Qd5
43. Rd1 R8f7 44. Re3 Ne7 45. Qc3 Qa8 46. Qb3 Qf8 47. Rdd3 Nf5 48. Rxf3 Nxd4 49.
Rxd4 Rxf3 50. Bxf3 Rxf3 51. Qc2 Qe7 52. Rd5 Qf7 53. Rg5+ Kh6 54. a4 Rb3 55. Rf5
Qg6 56. Qd2+ Kh7 57. Qd5 Rb1+ 58. Kg2 Kh6 59. Qd2+ Kh7 60. Qc2 1-0

[Event "Primavara"]
[Site "Bucharest"]
[Date "1998.??.??"]
[Round "4"]
[White "Nisipeanu, Liviu Dieter"]
[Black "Vajda, Albert"]
[Result "1-0"]
[WhiteElo "2610"]
[BlackElo "2400"]
[Annotator "Marin,M"]
[PlyCount "79"]
[EventDate "1998.??.??"]
[EventType "tourn"]
[EventRounds "15"]
[EventCountry "ROU"]
[EventCategory "9"]
[SourceTitle "EXT 1999"]
[Source "ChessBase"]
[SourceDate "1998.11.16"]
[SourceVersion "1"]
[SourceVersionDate "1998.11.16"]
[SourceQuality "1"]

1. Nf3 d6 2. g3 e5 3. c4 g6 4. d4 e4 5. Ng5 f5 6. h4 Bg7 7. d5 Na6 8. Nc3 Nf6
9. Nb5 h6 10. Nh3 Nh5 11. Rb1 Qe7 12. Nf4 Nxf4 13. Bxf4 Bd7 14. b4 e3 15. Bxe3
Qe4 (15... Bxb5 16. cxb5 Qe4 17. Rc1 Nc5 (17... Qxh1 18. bxa6 b6 (18... O-O-O
19. axb7+ Kxb7 20. Qa4 $18) 19. Qa4+ $40 Kd8 $2 20. Rxc7 $1 Kxc7 21. Qc6+ Kd8
22. Qxa8+ $18) 18. Rh3 (18. bxc5 Qxh1 19. cxd6 cxd6 20. Rc7 O-O 21. Qc1 Qxd5
22. Bxh6 Rf7) 18... Qxb4+ 19. Qd2 Qxb5 20. Bxc5 dxc5 21. g4 $44) 16. Bd4 Bxd4 (
16... Qxh1 17. Bxg7 $14) 17. f3 Qe5 18. Qxd4 Qxg3+ 19. Kd2 Qe5 20. Qxe5+ dxe5
21. Rg1 $14 Kf7 22. e4 fxe4 23. fxe4 Rhf8 24. c5 Kg7 25. Nc3 Rf2+ 26. Be2 Raf8
27. a3 Nb8 28. b5 Rd8 29. Ke3 Rh2 30. Rh1 Rxh1 31. Rxh1 c6 32. bxc6 bxc6 33.
Rb1 Kf6 34. Rb7 Rc8 35. Rxa7 g5 36. hxg5+ hxg5 37. Rb7 cxd5 38. exd5 Bf5 39.
Ne4+ Bxe4 40. Kxe4 1-0

[Event "Dos Hermanas-B"]
[Site "Dos Hermanas"]
[Date "2005.04.08"]
[Round "8"]
[White "Garcia Luque, Agustin"]
[Black "Campora, Daniel Hugo"]
[Result "0-1"]
[WhiteElo "2376"]
[BlackElo "2545"]
[Annotator "Marin,M"]
[PlyCount "74"]
[EventDate "2005.04.01"]
[EventType "tourn"]
[EventRounds "9"]
[EventCountry "ESP"]
[EventCategory "10"]
[SourceTitle "CBM 107"]
[Source "ChessBase"]
[SourceDate "2005.08.01"]
[SourceVersion "1"]
[SourceVersionDate "2005.08.01"]
[SourceQuality "1"]

1. Nf3 c5 2. g3 Nc6 3. Bg2 e5 4. O-O g6 {Usually, such a move order leads to
one of the well known positional systems where White plays c4, Nc3, a3, etc.
or e4, d3, Nbd2, c3, a3.} 5. b4 $5 {Curiously, this interesting and, to some
extent, typical move was never played before in this position. White aims to
take advantage of the fact that Black has more or less commited himself to the
development of the bishop to g7 and that the a3-f8 diagonal will be soon left
without its main defensor.} cxb4 ({In case of} 5... e4 6. Ne1 Bg7 7. c3 cxb4 8.
Bxe4 {White will most probably be left with the better pawn structure, while
both the material balance and the stage of development would be more or less
equal.}) 6. Bb2 Bg7 7. a3 bxa3 8. Nxa3 {White has opened two files on the
queen side, which, in conjunction with his strong light squared bishop can
give him long lasting pressure. Besides, the d6- and indirectly e5-squares
will soon get under fire.} Nge7 ({Being slightly underdeveloped, Black cannot
escape the pressure by occupying the centre with} 8... d5 {because of} 9. c4 {
for instance} d4 (9... Nge7 10. cxd5 Nxd5 11. Nc4 f6 12. Qb3 $44) 10. d3 Nge7
11. Nb5 {The position is somewhat similar to a Volga-Benkö gambit,but with
reversed colours.} O-O (11... a6 12. c5 O-O 13. Nd6 b5 14. e3 $44) 12. Ba3 $44)
9. Nc4 d5 $6 {This move is giving in strategically too soon.} (9... Qc7 $2 {
would also be bad because of} 10. Ba3 $16) ({More stubborn would be} 9... d6
10. Ba3 Nf5 {although White can generate huge complications with} 11. g4 {
This is the best way to attack the enemy knight, because it leaves the long
diagonal open.} {A funny move. Black had just played ...d6 and now, that the
h4-square has been weakened, he advances this pawn again, having a concrete
aim in his mind.} d5 $5 (11... Be6 12. d3 Bxc4 13. dxc4 Nfd4 (13... e4 14. Nd2
Nh4 15. Nxe4 O-O 16. Bh1 $1 $14) 14. Nd2 $44 {/\e3, Ne4 and White has a
threatening initiative.}) 12. Ncxe5 Nh4 $1 {and it is not easy for White to
prove an advantage:} 13. Nxc6 bxc6 14. Nxh4 Qxh4 15. e4 $1 Bxg4 16. Qe1 Be5 17.
f4 Qxe1 18. Raxe1 Bd4+ 19. Kh1 O-O-O {and Black is in relative safety.}) 10.
Ncxe5 {White won his pawn back and enjoys the more compact pawn structure.} O-O
11. Nxc6 Nxc6 12. Bxg7 Kxg7 13. Qb1 Qf6 14. Ra4 Rd8 15. Rf4 Qe7 16. h4 Kg8 17.
Qb2 $14 {White's advantage is obvious, although breaking through will not be
easy.} Rd6 18. d3 Be6 19. Ng5 Rad8 20. c4 dxc4 21. Ne4 Nd4 22. Nxd6 c3 23. Qxb7
Nxe2+ 24. Kh2 Qxd6 25. Ra4 c2 26. Qb2 Rc8 27. h5 c1=Q 28. Rxc1 Nxc1 29. hxg6
fxg6 30. Rxa7 Bf7 31. Qb7 Rf8 32. Ra6 Qd4 33. Qe7 Qxf2 34. Rf6 Qe2 35. Rxf7
Rxf7 36. Qd8+ Kg7 37. Qd4+ Kh6 0-1

[Event "Metz op 31th"]
[Site "Metz"]
[Date "2013.04.21"]
[Round "3"]
[White "Gharamian, Tigran"]
[Black "Riff, Jean Noel"]
[Result "1/2-1/2"]
[WhiteElo "2663"]
[BlackElo "2467"]
[Annotator "Metz Alekhine/Primel,D"]
[PlyCount "42"]
[EventDate "2013.04.20"]
[EventType "swiss"]
[EventRounds "9"]
[EventCountry "FRA"]
[SourceTitle "EXT 2016"]
[Source "ChessBase"]
[SourceDate "2015.10.08"]
[SourceVersion "1"]
[SourceVersionDate "2015.10.08"]
[SourceQuality "1"]
[TimeControl "40/5400:1800+30"]
[WhiteClock "1:30:00"]
[BlackClock "1:30:00"]

1. Nf3 c5 2. g3 Nc6 3. Bg2 e5 4. O-O g6 5. d3 Bg7 6. c3 Nge7 7. a3 {[%cal
Gb2b4]} a5 8. a4 {[%csl Rb5] 82} O-O 9. e4 {Ttransposant sur une attaque
sicilienne} d6 10. Na3 {60 Visiblement, les Blancs n'avaient pas préparé
cette ouverture car ils dépensent beaucoup de temps} h6 11. Nd2 Be6 $11 12.
Ndc4 {51} Kh7 (12... d5 13. exd5 Bxd5 14. f4 (14. Bxd5 Nxd5 15. Nb5 Qd7 16. Qf3
f5 $132) 14... Bxg2 15. Kxg2 Qd5+ 16. Qf3 Rad8 17. fxe5 Qxd3 18. Be3 Nf5 19.
Bxc5 Qxf3+ 20. Kxf3 Rfe8 21. Rad1 Nxe5+ 22. Nxe5 Bxe5 23. Bb6 Rd6 24. Rxd6 Nxd6
25. Bxa5 Ra8 26. Bb4 Rxa4 27. Re1 f6 28. Rxe5 Rxb4 29. Re6 Rb6 30. Rxf6 Kg7 31.
Re6 Kf7 32. Re2 Rc6 33. Ke3 Kf6 34. Kd3 h5 35. Nc2 Nf5 36. Ne3 Rd6+ 37. Kc2
Nxe3+ 38. Rxe3 Kf5 39. h3 g5 40. c4 h4 41. gxh4 gxh4 42. Rf3+ {Gharamian,T 
(2655)-Svane,R (2501) Metz 2014 1-0}) 13. Re1 (13. f4 d5 (13... b6 14. f5 $1 {
[%cal Gg2c6]}) 14. Ne3 dxe4 15. dxe4 Qxd1 16. Rxd1) (13. Be3 $142 b6 14. f4 d5
15. exd5 (15. f5) 15... Bxd5 16. f5 Nxf5 17. Bxd5 Qxd5) 13... b6 14. Qb3 $146 (
14. Nb5 Nc8 15. Qe2 N6a7 16. Nba3 Rb8 17. f4 Qd7 18. Qc2 Nc6 19. Be3 d5 20.
exd5 Bxd5 21. fxe5 Bxg2 22. Qxg2 Rb7 23. d4 cxd4 24. cxd4 Nb4 25. Rad1 Nd5 26.
Bf2 Nce7 27. Nb5 Qe6 28. Ncd6 Rd7 29. Ne4 Nb4 30. Nbc3 Rfd8 31. Nd6 Ned5 32.
Nxd5 Nxd5 33. Qe4 Bf8 34. Nb5 Be7 35. Nc3 Bb4 36. Nxd5 Rxd5 37. Re2 Bc5 38.
Red2 Bb4 39. Rd3 Qd7 40. Be3 Qe6 41. Qh4 Bf8 42. Rf1 Bg7 43. Rc3 R8d7 {Fluvia
Poyatos,J (2273)-Sanchez Lopez,J (2103) Oropesa del Mar 2001 1-0 (69)}) 14...
Rb8 15. f4 {32 Bizarre après avoir joué Re1} d5 16. exd5 Bxd5 $132 {[%cal
Gd5b3]} 17. Qd1 {La partie commence à mal tourner pour les Blancs} Bxg2 18.
Kxg2 Qd5+ 19. Qf3 Qxf3+ 20. Kxf3 Rfd8 21. fxe5 Rxd3+ 1/2-1/2

[Event "Pula zt 1.2"]
[Site "Pula"]
[Date "2000.04.12"]
[Round "2"]
[White "Hulak, Krunoslav"]
[Black "Milov, Vadim"]
[Result "0-1"]
[WhiteElo "2495"]
[BlackElo "2653"]
[Annotator "Milov,V"]
[PlyCount "114"]
[EventDate "2000.04.11"]
[EventType "swiss"]
[EventRounds "11"]
[EventCountry "CRO"]
[SourceTitle "CBM 077"]
[Source "ChessBase"]
[SourceDate "2000.07.27"]
[SourceVersion "1"]
[SourceVersionDate "2000.07.27"]
[SourceQuality "1"]

1. g3 c5 2. Bg2 Nc6 3. Nf3 g6 4. O-O Bg7 5. c3 e5 6. a3 Nge7 7. b4 d6 8. d3 O-O
9. Nbd2 cxb4 10. axb4 b5 11. Bb2 Bb7 12. Qb3 Qd7 13. c4 a6 14. Rfc1 h6 15. e3
Qe6 16. Bc3 Rab8 17. Qb2 Rfd8 18. e4 Qd7 19. Nf1 Nc8 20. Ne3 Nb6 21. Nd5 Na4
22. Qb3 Nxc3 23. Rxc3 Ne7 24. Nd2 Nxd5 25. cxd5 Rdc8 26. Rac1 Bf6 27. h4 Rxc3
28. Rxc3 Rc8 29. Kh2 Rxc3 30. Qxc3 Qc8 31. Qxc8+ Bxc8 32. Bh3 Bxh3 33. Kxh3 Bd8
34. Nb3 f5 35. f3 Kf7 36. Kg2 h5 37. Kh3 Bb6 38. Kg2 Kf6 39. g4 fxg4 $1 (39...
f4 40. g5+ Ke7 41. Kf1 Kd7 42. Kg2 Bd4 43. Nxd4 exd4 44. Kf2 $11) 40. fxg4 hxg4
41. Kg3 Kg7 42. Kxg4 Kh6 43. d4 (43. h5 gxh5+ 44. Kf5 Be3 45. Na5 Bd2 46. Nc6
Be1 $19) 43... exd4 44. Kf4 Kh5 (44... Kg7 $5 45. e5 dxe5+ 46. Kxe5 d3 47. Ke6
(47. d6 Kf7 48. Kd5 Bf2) 47... Bf2 $19) 45. e5 dxe5+ 46. Kxe5 (46. Ke4 Kxh4 47.
Nc1 g5) 46... d3 47. d6 Kxh4 48. Nd2 g5 49. Ke4 g4 (49... Kg3 $5 50. d7 (50.
Kxd3 Kf4) 50... g4 $19) 50. Kxd3 g3 51. Nf3+ Kg4 52. Ke4 g2 53. d7 Kg3 54. Ng1
Bd8 $1 55. Ke3 (55. Kd5 Kf2 56. Nh3+ Ke3 57. Kc6 Kd2 $1 $19 (57... Kd4 $2 58.
Nf4)) 55... Kh2 56. Nf3+ Kh1 57. Kd4 g1=Q+ (57... g1=Q+ 58. Nxg1 Kxg1 59. Kc5
Kf2 60. Kc6 Ke3 61. Kb7 Kd4 62. Kxa6 Kc4 $19) 0-1